Europa Quiz - Statistiken

Allgemein
  • Dieses Quiz wurde 75 mal gespielt
  • Das Durchschnittsergebnis liegt bei 27 aus 99
Antwortstatistiken
Länder Antwort % Korrekt
Österreich, Italien, Schweiz,Frankreich, Deutschland, Slowenien, Liechtenstein, Monaco Alpen
77%
Italien Po
63%
Russland St. Petersburg
61%
Spanien Barcelona
60%
Frankreich Marseille
58%
höchster Berg (4806m) Mont Blanc
56%
Spanien, Andorra, Frankreich Pyrenäen
55%
Frankreich Lyon
53%
Italien Neapel
52%
Portugal Porto
52%
Schweiz Genf
50%
Schottland Glasgow
50%
Deutschland, Schweiz, Liechtenstein,Österreich, Frankreich, Niederlande Rhein
48%
Schottland Edinburgh
47%
Russland Wolga
47%
Polen Danzig
45%
Deutschland, Österreich, Slowakei,Ungarn, Kroatien, Serbien, Bulgarien, Rumänien, Moldawien, Ukraine Donau
45%
Deutschland, Österreich, Schweiz Bodensee
44%
Niederlande Rotterdam
44%
Frankreich Seine
44%
Großbritannien Themse
44%
Deutschland, Tschechien Elbe
42%
Großbritannien Manchester
42%
Großbritannien Liverpool
40%
Italien Sizilien
40%
Spanien Valencia
40%
Albanien, Bosnien, Bulgarien,Griechenland, Kosovo, Kroatien, Montenegro, Nordmazedonien, Rumänien, Serbien, Türkei Balkan
39%
Großbritannien Birmingham
39%
Niederlande Den Haag
39%
Deutschland, Dänemark, Polen,Litauen, Lettland, Estland, Finnland, Schweden, Russland Ostsee
39%
Schweden Malmö
37%
Norwegen, Dänemark, Deutschland,Niederlande, Belgien, Frankreich, Großbritannien Nordsee
37%
Italien Turin
37%
Frankreich Bordeaux
35%
Spanien, Frankreich, Italien,Griechenland, Türkei, Ägypten, Tunesien, Marokko Mittelmeer
35%
Deutschland, Polen Oder
35%
Ozean Atlantik
34%
Rumänien, Slowakei, Polen,Ukraine, Tschechien, Ungarn, Serbien,Österreich Karpaten
34%
Italien Palermo
34%
Italien Sardinien
34%
Frankreich Rhone
32%
Bulgarien, Rumänien, Ukraine,Russland, Georgien, Türkei Schwarzes Meer
32%
14km breit Straße von Gibraltar
32%
Frankreich Korsika
31%
Frankreich Straßburg
31%
Ukraine Krim
29%
Schweiz Genfersee
27%
Italien Gardasee
26%
Spanien Balearen
24%
Polen Weichsel
24%
Wasserstraße Bosporus
23%
Spanien Ebro
23%
Frankreich Loire
23%
Tschechien Moldau
23%
Griechenland Kreta
21%
Italien Tiber
21%
Italien, Slowenien, Kroatien,Bosnien, Montenegro, Albanien Adriatisches Meer
19%
Deutschland, Polen, Tschechien Neiße
19%
Portugal Azoren
18%
Albanien, Bosnien, Bulgarien, Griechenland, Kosovo, Kroatien, Montenegro, Nordmazedonien, Rumänien, Serbien, Türkei Balkan Halbinsel
18%
Inselgruppe Färöer
18%
Spanien, Portugal Tajo
16%
Russland Uralgebirge
16%
Italien Apenninen
15%
Spanien, Portugal Pyrenäen Halbinsel
15%
Norwegen, Schweden, Finnland Skandinavische Halbinsel
15%
Griechenland, Türkei Ägäisches Meer
13%
eigenes Land Isle of Man
13%
Russland Kaliningrad
13%
Ungarn Ballerton
11%
Schweden Gotland
11%
Russland (größter See) Ladogasee
11%
Russland Murmansk
11%
Schweden Öland
11%
Norwegen, Schweden, Finnland Skandinavisches Gebirge
11%
Frankreich Vogesen
11%
Tschechien, Deutschland, Österreich Böhmerwald
10%
Russland, Belarus, Ukraine Dnipro
10%
Frankreich Garonne
10%
Russland Kola
10%
Schottland Shetland
10%
Norwegen Spitzbergen
10%
Norwegen, Island, Spitzbergen,Grönland Europäisches Nordmeer
8%
Schottland Hebriden
8%
Belarus, Litauen Memel
8%
Dänemark Seeland
8%
Frankreich Zentralmassiv
8%
Ukraine, Russland Asowsches Meer
6%
Spanien, Portugal Duero
6%
Russland Onegasee
6%
Italien Apenninen Halbinsel
5%
Dänemark Bornholm
5%
Russland, Belarus, Lettland Düna
5%
Schottland Orkney
5%
Finnland finnische Seenplatte
3%
Bulgarien, Griechenland, Türkei Mariza
3%
Bulgarien, Griechenland Rhodopen
3%
Tschechien, Polen, Deutschland Sudeten
3%
Slowenien, Kroatien, Bosnien,Montenegro, Serbien, Kosovo, Albanien Dinarisches Geb
2%
Keine übereinstimmenden Quizze gefunden
Verteilung der Resultate
Anzahl Personen mit jedem Resultat
Perzentil nach korrekt beantworteten Fragen
Ihre Resultats-Entwicklung
Sie haben dieses Quiz noch nicht gespielt